00661nam a2200217Ia 4500008004100000050000900041050001500050100002600065245002300091245007000114245007300184260003100257260001000288260001000298300001500308300002000323300001100343500005600354521001500410650001800425170504s9999 xx 000 0 und d aTX 1 b.V718 2016 aVillanueva, Deanne V. aFood styling 101 : ba documentary series about the creative aspects of food styling / cDeanne V. Villanueva, Hanna Faye D. Gamil, Priscilla Mae B. Santos . aLas Piñas, Philippines : bSISC, c2016. a60 pages : billustrations ; c28 cm. aIncludes bibliographical references and appendices. aMedia Arts aFood styling.